[Event "U12 Polish Youth Championship"]
[Site "chess24.com"]
[Date "2018.05.01"]
[Round "4"]
[White "Ciszewski, Krzysztof"]
[Black "Pazdzierz, Piotr"]
[Result "1/2-1/2"]
[Board "18"]
[WhiteElo "1646"]
[WhiteCountry "POL"]
[WhiteFideId "21853509"]
[WhiteEloChange "-5"]
[BlackElo "1440"]
[BlackCountry "POL"]
[BlackFideId "21810419"]
[BlackEloChange "5"]

1. d4 {[%clk 1:30:50]} d5 {[%clk 1:30:50]} 2. c4 {[%clk 1:31:15]} e6 {[%clk
1:31:16]} 3. Nf3 {[%clk 1:31:40]} Nf6 {[%clk 1:31:34]} 4. g3 {[%clk 1:31:51]} Be7
{[%clk 1:31:22]} 5. Bg2 {[%clk 1:31:55]} O-O {[%clk 1:31:42]} 6. O-O {[%clk
1:31:58]} c6 {[%clk 1:29:52]} 7. Qc2 {[%clk 1:31:48]} Nbd7 {[%clk 1:29:13]} 8.
Nbd2 {[%clk 1:32:07]} Qc7 {[%clk 1:27:07]} 9. e4 {[%clk 1:31:12]} dxe4 {[%clk
1:25:58]} 10. Nxe4 {[%clk 1:31:24]} Nxe4 {[%clk 1:25:44]} 11. Qxe4 {[%clk
1:31:31]} Nf6 {[%clk 1:24:51]} 12. Qe2 {[%clk 1:30:47]} Rd8 {[%clk 1:22:29]} 13.
Rd1 {[%clk 1:27:52]} b6 {[%clk 1:03:32]} 14. Bf4 {[%clk 1:24:25]} Bd6 {[%clk
1:02:19]} 15. Bxd6 {[%clk 1:23:18]} Rxd6 {[%clk 0:56:36]} 16. Ne5 {[%clk
1:21:47]} Bb7 {[%clk 0:55:40]} 17. Rd2 {[%clk 1:02:47]} Rad8 {[%clk 0:40:09]} 18.
Rad1 {[%clk 1:02:05]} Rc8 {[%clk 0:30:31]} 19. h3 {[%clk 0:54:47]} h6 {[%clk
0:20:30]} 20. b4 {[%clk 0:48:47]} Qe7 {[%clk 0:11:52]} 21. a3 {[%clk 0:45:25]}
Rdd8 {[%clk 0:10:23]} 22. Rd3 {[%clk 0:40:50]} Rc7 {[%clk 0:06:33]} 23. b5 {[%clk
0:34:56]} Re8 {[%clk 0:03:07]} 24. Bxc6 {[%clk 0:33:24]} Bxc6 {[%clk 0:02:25]}
25. Nxc6 {[%clk 0:33:47]} Qf8 {[%clk 0:01:56]} 26. a4 {[%clk 0:30:47]} Nd7 {[%clk
0:01:43]} 27. Qb2 {[%clk 0:29:08]} Rec8 {[%clk 0:00:54]} 28. Qa3 {[%clk 0:28:08]}
Nb8 {[%clk 0:00:42]} 29. Qxf8+ {[%clk 0:28:08]} Kxf8 {[%clk 0:00:43]} 30. Nxb8
{[%clk 0:28:32]} Rxb8 {[%clk 0:00:59]} 31. Rc3 {[%clk 0:28:04]} Rbc8 {[%clk
0:01:06]} 32. Rdc1 {[%clk 0:28:07]} Rd8 {[%clk 0:00:49]} 33. Rd1 {[%clk 0:16:07]}
Ke7 {[%clk 0:00:47]} 34. Kf1 {[%clk 0:16:10]} Rdc8 {[%clk 0:00:53]} 35. Rdc1
{[%clk 0:13:19]} Rd7 {[%clk 0:00:36]} 36. c5 {[%clk 0:12:33]} Rxd4 {[%clk
0:00:40]} 37. cxb6 {[%clk 0:12:57]} Rxc3 {[%clk 0:00:52]} 38. Rxc3 {[%clk
0:13:26]} axb6 {[%clk 0:01:11]} 39. Ra3 {[%clk 0:13:50]} Kd6 {[%clk 0:00:51]} 40.
Ke2 {[%clk 0:12:02]} e5 {[%clk 0:00:34]} 41. a5 {[%clk 0:10:22]} Kc5 {[%clk
0:00:34]} 42. a6 {[%clk 0:10:07]} Rd8 {[%clk 0:00:51]} 43. Rb3 {[%clk 0:09:59]}
Kc4 {[%clk 0:00:40]} 44. Rb1 {[%clk 0:10:00]} f6 {[%clk 0:00:42]} 45. Rd1 {[%clk
0:09:17]} Ra8 {[%clk 0:00:37]} 46. Rb1 {[%clk 0:09:32]} Re8 {[%clk 0:00:38]} 47.
Ke3 {[%clk 0:09:49]} f5 {[%clk 0:00:49]} 48. g4 {[%clk 0:08:42]} g6 {[%clk
0:00:53]} 49. f3 {[%clk 0:08:37]} Re7 {[%clk 0:00:40]} 50. Ra1 {[%clk 0:07:59]}
Ra7 {[%clk 0:00:57]} 51. Rb1 {[%clk 0:08:22]} Re7 {[%clk 0:01:14]} 52. Ra1 {[%clk
0:08:25]} 1/2-1/2

[Event "U12 Polish Youth Championship"]
[Site "chess24.com"]
[Date "2018.05.01"]
[Round "4"]
[White "Malinowski, Szymon"]
[Black "Kolodziejski, Piotr"]
[Result "1-0"]
[Board "19"]
[WhiteElo "1549"]
[WhiteCountry "POL"]
[WhiteFideId "21832757"]
[WhiteEloChange "6"]
[BlackElo "1418"]
[BlackCountry "POL"]
[BlackFideId "21840962"]
[BlackEloChange "-6"]

1. d4 {[%clk 1:30:28]} Nf6 {[%clk 1:30:51]} 2. Nf3 {[%clk 1:30:42]} e6 {[%clk
1:31:16]} 3. e3 {[%clk 1:31:03]} c5 {[%clk 1:30:24]} 4. c3 {[%clk 1:30:17]} b6
{[%clk 1:28:17]} 5. b3 {[%clk 1:30:28]} Bb7 {[%clk 1:27:11]} 6. Bb2 {[%clk
1:30:31]} cxd4 {[%clk 1:25:06]} 7. cxd4 {[%clk 1:30:34]} g6 {[%clk 1:23:31]} 8.
Bd3 {[%clk 1:28:38]} d6 {[%clk 1:23:06]} 9. Nbd2 {[%clk 1:28:36]} Bg7 {[%clk
1:20:22]} 10. O-O {[%clk 1:28:26]} O-O {[%clk 1:20:37]} 11. e4 {[%clk 1:28:26]}
Nbd7 {[%clk 1:18:52]} 12. Ba3 {[%clk 1:28:12]} Qb8 {[%clk 1:00:26]} 13. Qe2
{[%clk 1:27:41]} Re8 {[%clk 0:58:07]} 14. Rac1 {[%clk 1:27:27]} e5 {[%clk
0:55:31]} 15. Nc4 {[%clk 1:26:49]} Bf8 {[%clk 0:54:06]} 16. d5 {[%clk 1:25:15]}
Ba6 {[%clk 0:51:19]} 17. Nfd2 {[%clk 1:24:06]} Bxc4 {[%clk 0:48:31]} 18. Bxc4
{[%clk 1:23:48]} a6 {[%clk 0:46:05]} 19. Bb2 {[%clk 1:20:17]} b5 {[%clk 0:45:37]}
20. Bd3 {[%clk 1:20:29]} Nc5 {[%clk 0:45:32]} 21. f4 {[%clk 1:19:59]} Nfd7 {[%clk
0:42:14]} 22. b4 {[%clk 1:07:01]} Nxd3 {[%clk 0:37:54]} 23. Qxd3 {[%clk 1:05:41]}
exf4 {[%clk 0:36:30]} 24. Rxf4 {[%clk 1:03:28]} Bg7 {[%clk 0:35:36]} 25. Bxg7
{[%clk 1:02:33]} Kxg7 {[%clk 0:35:56]} 26. Rcf1 {[%clk 1:02:08]} Ne5 {[%clk
0:35:19]} 27. Qh3 {[%clk 0:59:36]} Qa7+ {[%clk 0:30:06]} 28. Kh1 {[%clk 0:58:56]}
Qe7 {[%clk 0:30:13]} 29. Rh4 {[%clk 0:42:48]} h5 {[%clk 0:25:14]} 30. Rhf4 {[%clk
0:40:54]} Rf8 {[%clk 0:23:37]} 31. Nb3 {[%clk 0:40:54]} Rac8 {[%clk 0:21:30]} 32.
Nd4 {[%clk 0:40:17]} Kg8 {[%clk 0:20:53]} 33. a3 {[%clk 0:27:55]} Rc4 {[%clk
0:20:52]} 34. Ne2 {[%clk 0:25:38]} Rc2 {[%clk 0:19:30]} 35. Nd4 {[%clk 0:24:35]}
Rd2 {[%clk 0:19:05]} 36. Nc6 {[%clk 0:02:45]} Nxc6 {[%clk 0:17:54]} 37. dxc6
{[%clk 0:03:09]} Rc2 {[%clk 0:17:40]} 38. Qd7 {[%clk 0:03:26]} Qe8 {[%clk
0:10:57]} 39. Qxd6 {[%clk 0:02:06]} Rxc6 {[%clk 0:11:19]} 40. Qd5 {[%clk
0:02:19]} Qe6 {[%clk 0:07:26]} 41. h3 {[%clk 0:01:47]} Qxd5 {[%clk 0:07:32]} 42.
exd5 {[%clk 0:02:13]} Rc3 {[%clk 0:06:41]} 43. R1f3 {[%clk 0:02:30]} Rc1+ {[%clk
0:06:06]} 44. Kh2 {[%clk 0:02:53]} Rd1 {[%clk 0:06:27]} 45. Rf6 {[%clk 0:02:50]}
a5 {[%clk 0:06:11]} 46. bxa5 {[%clk 0:01:51]} Rxd5 {[%clk 0:06:12]} 47. a6 {[%clk
0:02:16]} Rd4 {[%clk 0:06:08]} 48. Rb3 {[%clk 0:01:51]} Ra8 {[%clk 0:04:25]} 49.
Rxb5 {[%clk 0:01:58]} Ra4 {[%clk 0:04:45]} 50. Rb7 {[%clk 0:02:20]} R8xa6 {[%clk
0:04:08]} 51. Rfxf7 {[%clk 0:02:37]} Rxa3 {[%clk 0:03:16]} 52. Rg7+ {[%clk
0:03:03]} Kf8 {[%clk 0:03:32]} 53. Rbf7+ {[%clk 0:02:14]} Ke8 {[%clk 0:03:45]}
54. Rh7 {[%clk 0:02:15]} Rd3 {[%clk 0:00:49]} 55. Rb7 {[%clk 0:02:19]} Rf6 {[%clk
0:00:32]} 56. Rb8+ {[%clk 0:02:40]} Rd8 {[%clk 0:00:49]} 57. Rh8+ {[%clk
0:03:00]} Rf8 {[%clk 0:01:12]} 58. Rxd8+ {[%clk 0:03:21]} Kxd8 {[%clk 0:01:34]}
59. Rxf8+ {[%clk 0:03:40]} Ke7 {[%clk 0:01:58]} 60. Rf1 {[%clk 0:03:55]} g5
{[%clk 0:02:21]} 61. Rf5 {[%clk 0:04:17]} 1-0

[Event "U12 Polish Youth Championship"]
[Site "chess24.com"]
[Date "2018.05.01"]
[Round "4"]
[White "Demski, Michal"]
[Black "Wawrzyniak, Karol"]
[Result "1-0"]
[Board "20"]
[WhiteElo "1538"]
[WhiteCountry "POL"]
[WhiteFideId "21835780"]
[WhiteEloChange "3"]
[BlackElo "1224"]
[BlackCountry "POL"]
[BlackFideId "21817588"]
[BlackEloChange "-3"]

1. e4 {[%clk 1:30:52]} e6 {[%clk 1:30:43]} 2. d4 {[%clk 1:30:54]} d5 {[%clk
1:30:38]} 3. exd5 {[%clk 1:30:22]} exd5 {[%clk 1:30:45]} 4. Bd3 {[%clk 1:29:45]}
Bd6 {[%clk 1:29:49]} 5. h3 {[%clk 1:29:36]} Nc6 {[%clk 1:28:20]} 6. Nf3 {[%clk
1:28:12]} Nge7 {[%clk 1:27:02]} 7. O-O {[%clk 1:27:26]} Be6 {[%clk 1:25:30]} 8.
c3 {[%clk 1:26:55]} Qd7 {[%clk 1:25:00]} 9. b4 {[%clk 1:25:45]} O-O-O {[%clk
1:21:27]} 10. Ng5 {[%clk 1:23:28]} f6 {[%clk 1:18:24]} 11. Nxe6 {[%clk 1:23:42]}
Qxe6 {[%clk 1:18:35]} 12. a4 {[%clk 1:22:36]} Kb8 {[%clk 1:17:10]} 13. a5 {[%clk
1:20:53]} Nc8 {[%clk 1:14:49]} 14. Qa4 {[%clk 1:17:33]} g5 {[%clk 1:10:55]} 15.
a6 {[%clk 1:08:44]} b6 {[%clk 1:08:36]} 16. Bf5 {[%clk 1:06:10]} Qe8 {[%clk
1:05:13]} 17. Bd3 {[%clk 1:03:09]} N6e7 {[%clk 1:03:35]} 18. Bb5 {[%clk 1:00:50]}
Qf7 {[%clk 0:59:58]} 19. Re1 {[%clk 0:59:49]} h5 {[%clk 0:58:16]} 20. Bd2 {[%clk
0:58:17]} h4 {[%clk 0:56:24]} 21. Bd7 {[%clk 0:56:35]} Qg6 {[%clk 0:53:18]} 22.
Bxc8 {[%clk 0:56:03]} Kxc8 {[%clk 0:53:39]} 23. Na3 {[%clk 0:51:32]} g4 {[%clk
0:51:04]} 24. Qc2 {[%clk 0:40:16]} f5 {[%clk 0:45:53]} 25. Qd3 {[%clk 0:37:17]}
Rdg8 {[%clk 0:42:37]} 26. Nb5 {[%clk 0:35:26]} gxh3 {[%clk 0:42:37]} 27. Nxd6+
{[%clk 0:35:04]} Qxd6 {[%clk 0:42:55]} 28. Qxh3 {[%clk 0:35:15]} Rg4 {[%clk
0:43:02]} 29. Re2 {[%clk 0:25:02]} Rhg8 {[%clk 0:36:19]} 30. f3 {[%clk 0:22:55]}
Rg3 {[%clk 0:31:57]} 31. Qxh4 {[%clk 0:21:41]} Qg6 {[%clk 0:27:13]} 32. Qh2
{[%clk 0:20:39]} Qd6 {[%clk 0:20:51]} 33. Rae1 {[%clk 0:19:28]} Nc6 {[%clk
0:16:26]} 34. Re8+ {[%clk 0:18:02]} Rxe8 {[%clk 0:16:26]} 35. Rxe8+ {[%clk
0:18:28]} Kd7 {[%clk 0:16:28]} 36. Rh8 {[%clk 0:17:07]} Qg6 {[%clk 0:11:19]} 37.
Bf4 {[%clk 0:16:05]} Rxf3 {[%clk 0:11:12]} 38. Qh7+ {[%clk 0:16:29]} 1-0

[Event "U12 Polish Youth Championship"]
[Site "chess24.com"]
[Date "2018.05.01"]
[Round "4"]
[White "Trochimczuk, Szymon"]
[Black "Jedraszek, Pawel"]
[Result "1/2-1/2"]
[Board "21"]
[WhiteElo "1251"]
[WhiteCountry "POL"]
[WhiteFideId "21881260"]
[WhiteEloChange "6"]
[BlackElo "1514"]
[BlackCountry "POL"]
[BlackFideId "21833710"]
[BlackEloChange "-6"]

1. d4 {[%clk 1:30:59]} d5 {[%clk 1:30:53]} 2. c4 {[%clk 1:31:23]} e6 {[%clk
1:31:11]} 3. Nf3 {[%clk 1:31:46]} Nf6 {[%clk 1:31:24]} 4. Bg5 {[%clk 1:32:10]}
Be7 {[%clk 1:31:10]} 5. e3 {[%clk 1:32:23]} Nbd7 {[%clk 1:31:09]} 6. Nc3 {[%clk
1:32:28]} a6 {[%clk 1:31:01]} 7. c5 {[%clk 1:31:56]} O-O {[%clk 1:24:30]} 8. Be2
{[%clk 1:30:58]} c6 {[%clk 1:23:21]} 9. O-O {[%clk 1:30:58]} Re8 {[%clk 1:22:49]}
10. Nd2 {[%clk 1:28:47]} e5 {[%clk 1:21:48]} 11. Re1 {[%clk 1:27:16]} exd4 {[%clk
1:12:02]} 12. exd4 {[%clk 1:27:15]} Nf8 {[%clk 1:11:47]} 13. Bd3 {[%clk 1:23:14]}
Ng6 {[%clk 1:09:02]} 14. Bxf6 {[%clk 1:20:55]} Bxf6 {[%clk 1:09:22]} 15. Rxe8+
{[%clk 1:20:09]} Qxe8 {[%clk 1:09:43]} 16. Nb3 {[%clk 1:19:31]} Be6 {[%clk
1:04:01]} 17. Qd2 {[%clk 1:12:47]} Qd7 {[%clk 1:01:55]} 18. Re1 {[%clk 1:08:38]}
Re8 {[%clk 1:01:07]} 19. Na4 {[%clk 1:03:46]} Qc7 {[%clk 0:46:39]} 20. Bf5 {[%clk
0:55:04]} Re7 {[%clk 0:44:34]} 21. Bxe6 {[%clk 0:52:36]} fxe6 {[%clk 0:43:57]}
22. g3 {[%clk 0:46:10]} e5 {[%clk 0:41:21]} 23. dxe5 {[%clk 0:45:44]} Nxe5 {[%clk
0:40:04]} 24. Kg2 {[%clk 0:39:41]} Nc4 {[%clk 0:32:54]} 25. Rxe7 {[%clk 0:39:26]}
Qxe7 {[%clk 0:33:05]} 26. Qc2 {[%clk 0:35:26]} Qe4+ {[%clk 0:30:12]} 27. Qxe4
{[%clk 0:35:22]} dxe4 {[%clk 0:30:36]} 28. h3 {[%clk 0:32:47]} Kf7 {[%clk
0:29:58]} 29. Kf1 {[%clk 0:31:25]} Ke6 {[%clk 0:27:45]} 30. Nc3 {[%clk 0:25:32]}
Bxc3 {[%clk 0:27:09]} 31. bxc3 {[%clk 0:25:45]} Kd5 {[%clk 0:23:48]} 32. Ke2
{[%clk 0:24:33]} Nb2 {[%clk 0:20:11]} 33. Na5 {[%clk 0:17:51]} Kxc5 {[%clk
0:20:19]} 34. Nxb7+ {[%clk 0:17:36]} Kc4 {[%clk 0:17:51]} 35. Nd6+ {[%clk
0:15:59]} Kxc3 {[%clk 0:18:03]} 36. Nxe4+ {[%clk 0:16:15]} Kb4 {[%clk 0:18:04]}
37. f4 {[%clk 0:16:06]} c5 {[%clk 0:17:24]} 38. f5 {[%clk 0:14:08]} c4 {[%clk
0:15:23]} 39. Kd2 {[%clk 0:13:21]} Nd3 {[%clk 0:11:38]} 40. g4 {[%clk 0:12:22]}
Ne5 {[%clk 0:09:18]} 41. g5 {[%clk 0:11:34]} c3+ {[%clk 0:07:55]} 42. Kc2 {[%clk
0:10:32]} Nf3 {[%clk 0:07:39]} 43. f6 {[%clk 0:09:21]} gxf6 {[%clk 0:07:31]} 44.
gxf6 {[%clk 0:09:45]} Nd4+ {[%clk 0:07:47]} 45. Kc1 {[%clk 0:06:54]} Ne6 {[%clk
0:07:36]} 46. f7 {[%clk 0:06:45]} Kc4 {[%clk 0:07:02]} 47. Ng5 {[%clk 0:06:43]}
Nf8 {[%clk 0:07:17]} 48. Kc2 {[%clk 0:05:50]} Kd4 {[%clk 0:07:18]} 49. a3 {[%clk
0:04:21]} Kc4 {[%clk 0:07:26]} 50. Nf3 {[%clk 0:04:09]} a5 {[%clk 0:07:12]} 51.
h4 {[%clk 0:04:10]} h5 {[%clk 0:06:16]} 52. Nh2 {[%clk 0:02:48]} Kd4 {[%clk
0:05:39]} 53. Nf1 {[%clk 0:00:52]} Ke4 {[%clk 0:05:41]} 54. Ng3+ {[%clk 0:01:12]}
Kf4 {[%clk 0:06:03]} 55. Nxh5+ {[%clk 0:01:34]} Kg4 {[%clk 0:06:22]} 56. Ng7
{[%clk 0:01:54]} Kxh4 {[%clk 0:06:34]} 57. Kxc3 {[%clk 0:02:19]} Kg5 {[%clk
0:06:45]} 58. Kc4 {[%clk 0:02:35]} Kg6 {[%clk 0:06:57]} 59. Ne8 {[%clk 0:02:46]}
Kxf7 {[%clk 0:07:19]} 60. Nd6+ {[%clk 0:02:43]} Ke7 {[%clk 0:07:32]} 61. Nb7
{[%clk 0:03:06]} Kd7 {[%clk 0:07:42]} 62. Nxa5 {[%clk 0:03:24]} Kc7 {[%clk
0:07:56]} 63. Nb3 {[%clk 0:03:32]} Nd7 {[%clk 0:08:14]} 64. Kb5 {[%clk 0:03:11]}
Kb7 {[%clk 0:05:08]} 65. a4 {[%clk 0:03:05]} Ka7 {[%clk 0:04:15]} 66. Nd4 {[%clk
0:02:48]} Ne5 {[%clk 0:03:49]} 67. a5 {[%clk 0:02:32]} Kb7 {[%clk 0:03:12]} 68.
Ne6 {[%clk 0:02:49]} Nf7 {[%clk 0:02:13]} 69. Nc5+ {[%clk 0:02:45]} Ka7 {[%clk
0:02:33]} 70. Ne4 {[%clk 0:01:57]} Kb7 {[%clk 0:02:43]} 71. Nc3 {[%clk 0:01:42]}
Nd6+ {[%clk 0:02:39]} 72. Kb4 {[%clk 0:01:44]} Ka6 {[%clk 0:02:48]} 73. Nd5
{[%clk 0:01:48]} Kb7 {[%clk 0:02:57]} 74. Kc5 {[%clk 0:01:46]} Ka6 {[%clk
0:03:13]} 75. Kb4 {[%clk 0:01:43]} Kb7 {[%clk 0:03:34]} 76. Nc3 {[%clk 0:01:34]}
Ka6 {[%clk 0:03:31]} 1/2-1/2

[Event "U12 Polish Youth Championship"]
[Site "chess24.com"]
[Date "2018.05.01"]
[Round "4"]
[White "Blazniak, Bartlomiej"]
[Black "Taranowicz, Michal"]
[Result "0-1"]
[Board "22"]
[WhiteElo "1385"]
[WhiteCountry "POL"]
[WhiteFideId "21835640"]
[WhiteEloChange "-7"]
[BlackElo "1487"]
[BlackCountry "POL"]
[BlackFideId "21859191"]
[BlackEloChange "7"]

1. d4 {[%clk 1:30:58]} Nf6 {[%clk 1:30:57]} 2. Bg5 {[%clk 1:31:23]} c5 {[%clk
1:31:26]} 3. Nf3 {[%clk 1:30:26]} d6 {[%clk 1:31:19]} 4. e3 {[%clk 1:30:21]} Nbd7
{[%clk 1:31:38]} 5. Bd3 {[%clk 1:29:59]} g6 {[%clk 1:31:46]} 6. O-O {[%clk
1:29:36]} Bg7 {[%clk 1:32:12]} 7. Nbd2 {[%clk 1:29:18]} O-O {[%clk 1:32:22]} 8.
c3 {[%clk 1:28:57]} Rb8 {[%clk 1:29:29]} 9. b4 {[%clk 1:21:51]} b5 {[%clk
1:24:16]} 10. Qc2 {[%clk 1:15:07]} Bb7 {[%clk 1:10:30]} 11. Rfc1 {[%clk 1:06:07]}
Bxf3 {[%clk 1:07:27]} 12. Nxf3 {[%clk 1:04:16]} a5 {[%clk 1:00:39]} 13. a3 {[%clk
0:58:56]} Qb6 {[%clk 0:57:59]} 14. Qb2 {[%clk 0:54:52]} Rfc8 {[%clk 0:54:42]} 15.
Rc2 {[%clk 0:47:44]} e5 {[%clk 0:47:06]} 16. bxc5 {[%clk 0:34:55]} dxc5 {[%clk
0:46:14]} 17. dxe5 {[%clk 0:31:37]} Ng4 {[%clk 0:44:38]} 18. Bf4 {[%clk 0:27:28]}
Ngxe5 {[%clk 0:43:56]} 19. Nxe5 {[%clk 0:26:41]} Nxe5 {[%clk 0:44:18]} 20. Be2
{[%clk 0:25:39]} b4 {[%clk 0:41:19]} 21. Rb1 {[%clk 0:19:30]} Qe6 {[%clk
0:36:48]} 22. Qc1 {[%clk 0:18:03]} b3 {[%clk 0:33:54]} 23. Rd2 {[%clk 0:17:30]}
c4 {[%clk 0:31:55]} 24. h3 {[%clk 0:15:35]} Rd8 {[%clk 0:31:17]} 25. Qd1 {[%clk
0:14:08]} Qe7 {[%clk 0:27:27]} 26. Bxe5 {[%clk 0:01:53]} Rxd2 {[%clk 0:24:17]}
27. Qxd2 {[%clk 0:02:17]} Bxe5 {[%clk 0:24:06]} 28. Bxc4 {[%clk 0:02:16]} Rd8
{[%clk 0:22:24]} 29. Qb2 {[%clk 0:01:49]} a4 {[%clk 0:21:42]} 30. Bb5 {[%clk
0:01:18]} Qa7 {[%clk 0:14:29]} 31. Qc1 {[%clk 0:00:38]} Qa5 {[%clk 0:13:58]} 32.
c4 {[%clk 0:00:42]} Rd2 {[%clk 0:13:00]} 33. Qe1 {[%clk 0:00:37]} Rb2 {[%clk
0:09:34]} 34. g4 {[%clk 0:00:33]} Rxb1 {[%clk 0:09:03]} 35. Qxb1 {[%clk 0:00:55]}
Qc3 {[%clk 0:09:15]} 36. Bxa4 {[%clk 0:00:34]} b2 {[%clk 0:09:31]} 37. Bc2 {[%clk
0:00:35]} Qxa3 {[%clk 0:09:44]} 38. Bd3 {[%clk 0:00:33]} Kf8 {[%clk 0:08:03]} 39.
f4 {[%clk 0:00:33]} Bd6 {[%clk 0:07:31]} 40. Kf2 {[%clk 0:00:39]} Qc3 {[%clk
0:07:09]} 41. Qc2 {[%clk 0:00:35]} Qb4 {[%clk 0:06:40]} 42. Kf3 {[%clk 0:00:34]}
Bc5 {[%clk 0:06:45]} 43. Ke2 {[%clk 0:00:33]} Ke7 {[%clk 0:06:27]} 44. Be4 {[%clk
0:00:32]} Qa3 {[%clk 0:06:04]} 45. Qd3 {[%clk 0:00:33]} Qa2 {[%clk 0:06:07]} 46.
Kf3 {[%clk 0:00:32]} Qa1 {[%clk 0:05:02]} 47. Qb1 {[%clk 0:00:41]} Bd6 {[%clk
0:04:20]} 48. f5 {[%clk 0:00:33]} Bc5 {[%clk 0:03:30]} 49. fxg6 {[%clk 0:00:34]}
hxg6 {[%clk 0:03:41]} 50. h4 {[%clk 0:00:37]} Kf6 {[%clk 0:03:42]} 51. g5+ {[%clk
0:00:32]} Kg7 {[%clk 0:03:06]} 52. Bd3 {[%clk 0:00:32]} Kh7 {[%clk 0:02:37]} 53.
h5 {[%clk 0:00:38]} Kg7 {[%clk 0:02:11]} 54. hxg6 {[%clk 0:00:49]} fxg6 {[%clk
0:02:13]} 55. Bxg6 {[%clk 0:01:10]} Bd6 {[%clk 0:01:36]} 56. Bd3 {[%clk 0:00:41]}
Be7 {[%clk 0:01:27]} 57. g6 {[%clk 0:01:00]} Bf6 {[%clk 0:01:38]} 58. Kf4 {[%clk
0:00:33]} Qa5 {[%clk 0:01:37]} 59. Kf3 {[%clk 0:00:32]} Qh5+ {[%clk 0:01:50]} 60.
Kg2 {[%clk 0:00:31]} Qg4+ {[%clk 0:01:58]} 61. Kf1 {[%clk 0:00:32]} Qf3+ {[%clk
0:02:11]} 62. Ke1 {[%clk 0:00:36]} Bc3# {[%clk 0:02:28]} 0-1

[Event "U12 Polish Youth Championship"]
[Site "chess24.com"]
[Date "2018.05.01"]
[Round "4"]
[White "Kycia, Marek"]
[Black "Katny, Samuel"]
[Result "1-0"]
[Board "23"]
[WhiteElo "1460"]
[WhiteCountry "POL"]
[WhiteFideId "21863580"]
[WhiteEloChange "7"]
[BlackElo "1343"]
[BlackCountry "POL"]
[BlackFideId "21846693"]
[BlackEloChange "-7"]

1. e4 {[%clk 1:30:57]} e5 {[%clk 1:30:05]} 2. Nf3 {[%clk 1:31:23]} Nc6 {[%clk
1:30:08]} 3. d4 {[%clk 1:31:49]} exd4 {[%clk 1:28:36]} 4. Bc4 {[%clk 1:32:11]} h6
{[%clk 1:20:53]} 5. O-O {[%clk 1:32:20]} Bc5 {[%clk 1:21:09]} 6. c3 {[%clk
1:32:36]} d6 {[%clk 1:19:48]} 7. cxd4 {[%clk 1:32:57]} Bb6 {[%clk 1:20:12]} 8.
Nc3 {[%clk 1:32:40]} Nf6 {[%clk 1:15:04]} 9. Be3 {[%clk 1:32:12]} Bg4 {[%clk
1:14:35]} 10. Bb5 {[%clk 1:32:21]} Bd7 {[%clk 1:13:49]} 11. Qb3 {[%clk 1:30:30]}
O-O {[%clk 1:07:22]} 12. Rad1 {[%clk 1:27:25]} Na5 {[%clk 1:01:41]} 13. Qc2
{[%clk 1:27:25]} Bg4 {[%clk 0:59:18]} 14. Be2 {[%clk 1:26:56]} Qe7 {[%clk
0:50:22]} 15. h3 {[%clk 1:25:38]} Bh5 {[%clk 0:49:01]} 16. d5 {[%clk 1:24:09]}
Bxf3 {[%clk 0:44:29]} 17. Bxf3 {[%clk 1:23:57]} Nc4 {[%clk 0:44:37]} 18. Bxb6
{[%clk 1:22:56]} Nxb6 {[%clk 0:44:45]} 19. Qd3 {[%clk 1:20:46]} Nfd7 {[%clk
0:43:34]} 20. Be2 {[%clk 1:18:37]} Rfe8 {[%clk 0:41:13]} 21. b4 {[%clk 1:16:38]}
a5 {[%clk 0:29:15]} 22. a3 {[%clk 1:16:17]} axb4 {[%clk 0:29:33]} 23. axb4 {[%clk
1:15:52]} Nf6 {[%clk 0:26:02]} 24. Bf3 {[%clk 1:15:35]} Nfd7 {[%clk 0:23:05]} 25.
Nb5 {[%clk 1:10:58]} Ne5 {[%clk 0:21:49]} 26. Qe2 {[%clk 1:10:39]} Ra4 {[%clk
0:20:18]} 27. Rc1 {[%clk 1:03:25]} Rc8 {[%clk 0:20:01]} 28. Rb1 {[%clk 1:00:39]}
Nbc4 {[%clk 0:19:33]} 29. Rfc1 {[%clk 1:00:02]} Nxf3+ {[%clk 0:19:49]} 30. Qxf3
{[%clk 0:56:07]} Rca8 {[%clk 0:15:25]} 31. Rxc4 {[%clk 0:54:25]} Rc8 {[%clk
0:12:32]} 32. Rbc1 {[%clk 0:53:37]} c6 {[%clk 0:11:17]} 33. Qf5 {[%clk 0:52:17]}
Rca8 {[%clk 0:09:42]} 34. dxc6 {[%clk 0:52:14]} bxc6 {[%clk 0:09:17]} 35. Rxc6
{[%clk 0:52:34]} g6 {[%clk 0:09:31]} 36. Qd5 {[%clk 0:51:41]} Rxb4 {[%clk
0:09:09]} 37. Rc7 {[%clk 0:51:15]} Qf6 {[%clk 0:09:07]} 38. Qxa8+ {[%clk
0:51:22]} Kg7 {[%clk 0:09:22]} 39. Rc8 {[%clk 0:50:54]} Rxb5 {[%clk 0:09:22]} 40.
Qc6 {[%clk 0:49:24]} Rb2 {[%clk 0:08:46]} 41. Rf1 {[%clk 0:49:25]} g5 {[%clk
0:08:53]} 42. Qe8 {[%clk 0:49:07]} Kg6 {[%clk 0:09:07]} 43. Rc6 {[%clk 0:48:30]}
Kh5 {[%clk 0:08:53]} 44. Qd7 {[%clk 0:44:56]} Rd2 {[%clk 0:08:14]} 45. Qg4+
{[%clk 0:44:32]} Kg6 {[%clk 0:08:36]} 46. Qg3 {[%clk 0:44:36]} Qe6 {[%clk
0:07:10]} 47. e5 {[%clk 0:44:24]} h5 {[%clk 0:06:30]} 48. Rxd6 {[%clk 0:44:20]}
Rxd6 {[%clk 0:06:41]} 49. exd6 {[%clk 0:44:40]} f5 {[%clk 0:06:32]} 50. Rd1
{[%clk 0:44:03]} h4 {[%clk 0:05:22]} 51. Qe3 {[%clk 0:44:11]} Qd7 {[%clk
0:04:51]} 52. Qc5 {[%clk 0:44:08]} g4 {[%clk 0:04:04]} 53. Qc7 {[%clk 0:44:12]}
Qa4 {[%clk 0:04:11]} 54. Re1 {[%clk 0:41:15]} g3 {[%clk 0:02:47]} 55. Re6+ {[%clk
0:40:46]} Kg5 {[%clk 0:03:05]} 56. Qg7+ {[%clk 0:40:58]} Kf4 {[%clk 0:03:22]} 57.
Qh6# {[%clk 0:41:15]} 1-0